书目信息 |
| 题名: |
城市街景与餐饮环境
|
|
| 作者: | 薛健 撰文/摄影 ;薛健环境艺术设计研究所 编 | |
| 分册: | ||
| 出版信息: | 北京 中国计划出版社 2004.11 |
|
| 页数: | 198页 | |
| 开本: | 24×26cm | |
| 丛书名: | 国外室内外环境景观设计丛书 | |
| 单 册: | ||
| 中图分类: | TU984.11 | |
| 科图分类: | ||
| 主题词: | 城市道路--景观--环境设计--外国--图集 , 饮食业--服务建筑--环境设计--外国--图集 | |
| 电子资源: | ||
| ISBN: | 7-80177-357-8 | |
| 000 | 01148nam2 2200277 450 | |
| 001 | 002805692 | |
| 005 | 20100817160427.70 | |
| 010 | @a7-80177-357-8@b精装@dCNY170.00 | |
| 090 | @aTU-8@bxj | |
| 100 | @a20100515d2004 em y0chiy50 ea | |
| 101 | 0 | @achi |
| 102 | @aCN@b110000 | |
| 105 | @aa z 000yy | |
| 200 | 1 | @a城市街景与餐饮环境@Acheng shi jie jing yu can yin huan jing@f薛健撰文/摄影@Fxue jian zhuan wen/she ying@g薛健环境艺术设计研究所编@Gxue jian huan jing yi shu she ji yan jiu suo bian |
| 210 | @a北京@c中国计划出版社@d2004.11 | |
| 215 | @a198页@d24×26cm | |
| 225 | 2 | @a国外室内外环境景观设计丛书 |
| 330 | @a本书刊载的有关街景与餐饮环境的园林、建筑与景观作品,是作者走遍20多个国家亲自考察拍摄的。作品题材全面、内容丰富,反映了不同国家和民族新颖巧妙的设计艺术风格。 | |
| 410 | 0 | @12001 @a国外室内外环境景观设计丛书 |
| 606 | 0 | @a城市道路@x景观@x环境设计@y外国@j图集 |
| 606 | 0 | @a饮食业@x服务建筑@x环境设计@y外国@j图集 |
| 690 | @aTU984.11@v4 | |
| 701 | 0 | @a薛健@Axue jian@4撰文/摄影 |
| 712 | 02 | @a薛健环境艺术设计研究所@Axue jian huan jing yi shu she ji yan jiu suo@4编 |
| 801 | @c20100515 | |
| 905 | @dTU984.11@eX9501@f3 | |
| 城市街景与餐饮环境/薛健撰文/摄影/薛健环境艺术设计研究所编.-北京:中国计划出版社,2004.11 |
| 198页;24×26cm.-(国外室内外环境景观设计丛书) |
| ISBN 7-80177-357-8(精装):CNY170.00 |
| 本书刊载的有关街景与餐饮环境的园林、建筑与景观作品,是作者走遍20多个国家亲自考察拍摄的。作品题材全面、内容丰富,反映了不同国家和民族新颖巧妙的设计艺术风格。 |
| ● |
| 相关链接 |
|
|
|
正题名:城市街景与餐饮环境
索取号:TU984.11/X9501
 
预约/预借
| 序号 | 登录号 | 条形码 | 馆藏地/架位号 | 状态 | 备注 |
| 1 | 1031760 | 210317600 | 建筑与城市规划学院资料室/101建筑库 87排1列2层/ [索取号:TU984.11/X9501] | 在馆 | |
| 2 | 1031761 | 210317619 | 建筑库201/201建筑库 62排6列4层/ [索取号:TU984.11/X9501] | 在馆 | |
| 3 | 1031762 | 210317628 | 建筑与城市规划学院资料室/ [索取号:TU984.11/X9501] | 在馆 |